000
00233nam a2200097Ia 4500
001
788510
005
20250826170401.0
008
250824s9999 xx 000 0 und d
245
0
_a
15 SANİYE
_c
ANDREW GROSS
260
_b
ARKADYA YAYINLARI
999
_c
788510
_d
788510